000 00856nam a2200241 i 4500
001 85435
003 ES-MaACL
005 20250723063347.0
007 t|
008 041129s1918 sp ||||1| spa d
100 1 _aJuan, Jorge,
_d1713-1773
_967092
245 1 0 _aNoticias secretas de América (siglo XVIII) /
_cJorge Juan y Santacilia y Antonio de Ulloa.
260 _aMadrid :
_bEditorial-América,
_c1918 (
_fJuan Pueyo)
300 _a2 v. ;
_c23 cm.
490 1 _aBiblioteca Ayacucho
650 4 _aMarina de guerra-
_zEspaña-
_yS.XVIII.
_914787
650 4 _aIndios de Perú-
_xTrato recibido-
_vHistoria.
_9156742
651 4 _aPerú-
_xHistoria-
_y1548-1820, Epoca colonial.
_99225
700 1 _aUlloa, Antonio de,
_d1716-1795
_9156744
830 1 _aBiblioteca Ayacucho
_9177888
852 _aES-MaACL
_jF-1989-90
999 _c85435
_d85435